[Event "SA-2016-0-00517"]
[Site "LSS email"]
[Date "2016.05.02"]
[Round "?"]
[White "Schenning, Albert"]
[Black "Duriez, Jean Luc"]
[Result "1-0"]
[WhiteElo "2155"]
[BlackElo "2248"]
[PlyCount "27"]
[EventDate "2016.03.29"]
[EventType "tourn (corr)"]
[EventRounds "6"]
[EventCountry "GER"]
[SourceTitle "Corr 2022"]
[Source "ChessBase"]
[SourceDate "2021.10.24"]
[SourceVersion "1"]
[SourceVersionDate "2021.10.24"]
[SourceQuality "1"]

1. e4 d5 2. exd5 Qxd5 3. Nc3 Qd6 4. d4 Nf6 5. Nf3 g6 6. Nb5 Qb6 7. c4 c6 8. Nc3 Bg7 9. h3 0-0 10. Be2 Rd8 11. 0-0 Bf5 12. Re1 Nbd7 13. Qb3 h5 14. Qxb6 1-0

[Event "SA-2016-0-00517"]
[Site "LSS email"]
[Date "2016.05.02"]
[Round "?"]
[White "Sciarretta, Robert W"]
[Black "Duriez, Jean Luc"]
[Result "1-0"]
[WhiteElo "2210"]
[BlackElo "2248"]
[PlyCount "29"]
[EventDate "2016.03.29"]
[EventType "tourn (corr)"]
[EventRounds "6"]
[EventCountry "GER"]
[SourceTitle "Corr 2022"]
[Source "ChessBase"]
[SourceDate "2021.10.24"]
[SourceVersion "1"]
[SourceVersionDate "2021.10.24"]
[SourceQuality "1"]

1. d4 d5 2. c4 c6 3. Nc3 Nf6 4. e3 a6 5. Nf3 Bf5 6. Be2 h6 7. Bd3 Bxd3 8. Qxd3 e6 9. 0-0 Bb4 10. Bd2 0-0 11. Rfd1 Bxc3 12. Bxc3 Nbd7 13. a4 Qe7 14. b3 Rac8 15. Bb2 1-0

[Event "SM-2015-0-00315"]
[Site "LSS email"]
[Date "2015.02.03"]
[Round "?"]
[White "Slawinski, Tomasz"]
[Black "Duriez, Jean Luc"]
[Result "1-0"]
[WhiteElo "2297"]
[BlackElo "2248"]
[PlyCount "35"]
[EventDate "2014.12.15"]
[EventType "tourn (corr)"]
[EventRounds "6"]
[EventCountry "GER"]
[SourceTitle "Corr 2022"]
[Source "ChessBase"]
[SourceDate "2021.10.24"]
[SourceVersion "1"]
[SourceVersionDate "2021.10.24"]
[SourceQuality "1"]

1. e4 d5 2. exd5 Qxd5 3. Nc3 Qd6 4. d4 Nf6 5. Nf3 c6 6. Be3 Bf5 7. Nh4 Be6 8. Bd3 Nbd7 9. Qd2 Nb6 10. Bf4 Qd7 11. Nf3 Bf5 12. Ne5 Qc8 13. 0-0 Bxd3 14. Qxd3 e6 15. Rae1 Be7 16. Bg5 Qd8 17. f4 0-0 18. f5 1-0

[Event "SM-2015-0-00315"]
[Site "LSS email"]
[Date "2015.02.03"]
[Round "?"]
[White "Willmann, Bernd"]
[Black "Duriez, Jean Luc"]
[Result "1-0"]
[WhiteElo "2239"]
[BlackElo "2248"]
[PlyCount "39"]
[EventDate "2014.12.15"]
[EventType "tourn (corr)"]
[EventRounds "6"]
[EventCountry "GER"]
[SourceTitle "Corr 2022"]
[Source "ChessBase"]
[SourceDate "2021.10.24"]
[SourceVersion "1"]
[SourceVersionDate "2021.10.24"]
[SourceQuality "1"]

1. d4 d5 2. c4 c6 3. Nf3 Nf6 4. Nc3 a6 5. c5 Nbd7 6. Bf4 Nh5 7. Bd2 Nhf6 8. Rc1 g6 9. h3 Qc7 10. g3 Bg7 11. Bg2 0-0 12. Bf4 Qd8 13. 0-0 Nh5 14. Bg5 f6 15. Bd2 f5 16. Bg5 h6 17. Bd2 e5 18. Nxe5 Nxe5 19. dxe5 Qe7 20. Bf4 1-0

[Event "SM-2011-0-00180"]
[Site "LSS email"]
[Date "2011.11.28"]
[Round "?"]
[White "Nichols, Scott"]
[Black "Duriez, Jean Luc"]
[Result "1-0"]
[WhiteElo "2268"]
[BlackElo "2238"]
[PlyCount "57"]
[EventDate "2011.11.06"]
[EventType "tourn (corr)"]
[EventRounds "6"]
[EventCountry "GER"]
[SourceTitle "Telechess CBM 153"]
[Source "ChessBase"]
[SourceDate "2013.03.14"]
[SourceVersion "1"]
[SourceVersionDate "2013.03.14"]
[SourceQuality "1"]

1. Nf3 d5 2. g3 c6 3. Bg2 Bg4 4. 0-0 Nd7 5. d4 e6 6. h3 Bh5 7. c4 dxc4 8. Nbd2 Nb6 9. e4 Nf6 10. Qe2 Qd7 11. Rd1 0-0-0 12. Nf1 Bxf3 13. Bxf3 c5 14. e5 Nfd5 15. Bg5 cxd4 16. Bxd8 d3 17. Qe4 Kxd8 18. Rac1 Na4 19. Rxc4 Nxb2 20. Rxd3 Nxd3 21. Qxd3 b6 22. Bxd5 exd5 23. Rd4 Kc7 24. Rxd5 Qc8 25. Nd2 Be7 26. Nb3 Qxh3 27. Qe4 Qc8 28. Rd1 Kb8 29. Nd4 1-0

[Event "SM-2011-0-00180"]
[Site "LSS email"]
[Date "2011.11.27"]
[Round "?"]
[White "Konstantinov, Maxim"]
[Black "Duriez, Jean Luc"]
[Result "1-0"]
[WhiteElo "2217"]
[BlackElo "2238"]
[PlyCount "87"]
[EventDate "2011.11.06"]
[EventType "tourn (corr)"]
[EventRounds "6"]
[EventCountry "GER"]
[SourceTitle "Telechess CBM 153"]
[Source "ChessBase"]
[SourceDate "2013.03.14"]
[SourceVersion "1"]
[SourceVersionDate "2013.03.14"]
[SourceQuality "1"]

1. d4 d5 2. c4 c6 3. Nf3 Nf6 4. Nc3 a6 5. e3 b5 6. b3 Bg4 7. Qc2 e6 8. Ne5 Bf5 9. Bd3 Bxd3 10. Nxd3 Nbd7 11. 0-0 Be7 12. c5 0-0 13. a4 Qc7 14. Bb2 Ng4 15. g3 Nh6 16. Ra3 e5 17. axb5 axb5 18. Rxa8 Rxa8 19. dxe5 Ng4 20. e4 dxe4 21. Nxe4 Ngxe5 22. Nxe5 Nxe5 23. Rd1 Ng6 24. h4 Rd8 25. h5 Nf8 26. h6 Ne6 27. b4 Rxd1+ 28. Qxd1 Qd8 29. Qf3 g6 30. Bf6 Nd4 31. Qe3 Nf5 32. Qa3 Nxh6 33. Bxe7 Qxe7 34. Qa8+ Kg7 35. Qxc6 Ng4 36. Qd5 Qe5 37. Qd3 f5 38. Kg2 fxe4 39. Qd7+ Kf6 40. Qxg4 Qd5 41. Kg1 Qd3 42. Qf4+ Ke6 43. Kh2 Qd4 44. Kg2 1-0

[Event "LSS SM-2008-0-00042"]
[Site "LSS email"]
[Date "2009.01.20"]
[Round "?"]
[White "Duriez, Jean Luc"]
[Black "Godat, Terry"]
[Result "0-1"]
[WhiteElo "2272"]
[BlackElo "2314"]
[PlyCount "46"]
[EventDate "2009.01.03"]
[EventType "tourn (corr)"]
[EventRounds "6"]
[EventCountry "GER"]
[SourceTitle "Corr 2011"]
[Source "ChessBase"]
[SourceDate "2010.08.31"]
[SourceVersion "1"]
[SourceVersionDate "2010.08.31"]
[SourceQuality "1"]

1. d4 d5 2. Nf3 Nf6 3. e3 Bf5 4. c4 e6 5. Nc3 c6 6. Nh4 Bg6 7. Nxg6 hxg6 8. g3 Nbd7 9. Bg2 dxc4 10. Qe2 Nb6 11. 0-0 Be7 12. Rd1 Qc7 13. e4 e5 14. Be3 Nfd7 15. f4 exd4 16. Bxd4 Bc5 17. e5 Bxd4+ 18. Rxd4 Nc5 19. Rad1 0-0 20. Qe3 g5 21. Rd6 Nba4 22. fxg5 Nxc3 23. bxc3 Nd3 0-1

[Event "LSS SM-2008-0-00042"]
[Site "LSS email"]
[Date "2009.01.20"]
[Round "?"]
[White "Hassim, Yonah"]
[Black "Duriez, Jean Luc"]
[Result "0-1"]
[WhiteElo "2212"]
[BlackElo "2272"]
[PlyCount "34"]
[EventDate "2009.01.03"]
[EventType "tourn (corr)"]
[EventRounds "6"]
[EventCountry "GER"]
[SourceTitle "Corr 2022"]
[Source "ChessBase"]
[SourceDate "2021.10.24"]
[SourceVersion "1"]
[SourceVersionDate "2021.10.24"]
[SourceQuality "1"]

1. c4 e5 2. g3 Nf6 3. Bg2 d5 4. cxd5 Nxd5 5. Nc3 Nb6 6. Nf3 Nc6 7. 0-0 Be7 8. a3 0-0 9. d3 Be6 10. b4 f6 11. Ne4 Qd7 12. Qc2 Rfd8 13. Bb2 a5 14. Nc5 Bxc5 15. bxc5 Nd5 16. Rfd1 Bh3 17. Bxh3 Qxh3 0-1

[Event "LSS SM-2008-0-00042"]
[Site "LSS email"]
[Date "2009.01.20"]
[Round "?"]
[White "Salzmann, Stefan"]
[Black "Duriez, Jean Luc"]
[Result "0-1"]
[WhiteElo "2208"]
[BlackElo "2272"]
[PlyCount "36"]
[EventDate "2009.01.03"]
[EventType "tourn (corr)"]
[EventRounds "6"]
[EventCountry "GER"]
[SourceTitle "Corr 2011"]
[Source "ChessBase"]
[SourceDate "2010.08.31"]
[SourceVersion "1"]
[SourceVersionDate "2010.08.31"]
[SourceQuality "1"]

1. e4 c6 2. d4 d5 3. e5 Bf5 4. Nf3 e6 5. Be2 Nd7 6. 0-0 Bg6 7. Nbd2 Nh6 8. c3 Be7 9. Ne1 c5 10. Ndf3 Nf5 11. Nd3 cxd4 12. cxd4 0-0 13. Nf4 Rc8 14. g3 Nb8 15. h4 h6 16. Nxg6 fxg6 17. a3 Qb6 18. b4 Nc6 0-1

[Event "IECG QM.2006.0.00096 email"]
[Site "IECG email"]
[Date "2006.12.21"]
[Round "?"]
[White "Ingersol, Harry"]
[Black "Duriez, Jean Luc"]
[Result "1-0"]
[WhiteElo "2400"]
[BlackElo "2290"]
[PlyCount "63"]
[EventDate "2006.12.21"]
[EventType "tourn (corr)"]
[EventRounds "6"]
[SourceTitle "Corr 2011"]
[Source "ChessBase"]
[SourceDate "2010.08.31"]
[SourceVersion "1"]
[SourceVersionDate "2010.08.31"]
[SourceQuality "1"]

1. d4 Nf6 2. c4 e6 3. Nc3 Bb4 4. f3 d5 5. a3 Bxc3+ 6. bxc3 c5 7. cxd5 Nxd5 8. dxc5 Qa5 9. e4 Ne7 10. Be3 0-0 11. Qb3 Qc7 12. a4 Nd7 13. a5 Nc6 14. Be2 Nxa5 15. Qb5 Nc6 16. Nh3 Rd8 17. Nf2 Nf6 18. 0-0 Bd7 19. Qb2 Ne5 20. c4 Bc6 21. Bd4 Ned7 22. Nd3 Ne8 23. Ra3 b6 24. cxb6 axb6 25. Rb1 Ra5 26. Qc3 Rda8 27. Rxa5 bxa5 28. Ra1 h6 29. Bd1 Qd8 30. Bc2 Qg5 31. Bf2 Nd6 32. h3 1-0

[Event "IECG QM.2006.0.00094 email"]
[Site "IECG email"]
[Date "2006.07.20"]
[Round "?"]
[White "Docx, Stefan"]
[Black "Duriez, Jean Luc"]
[Result "0-1"]
[WhiteElo "2300"]
[BlackElo "2285"]
[PlyCount "34"]
[EventDate "2006.07.20"]
[EventType "tourn (corr)"]
[EventRounds "6"]
[SourceTitle "Corr 2008"]
[Source "ChessBase"]
[SourceDate "2008.06.24"]
[SourceVersion "1"]
[SourceVersionDate "2008.06.24"]
[SourceQuality "1"]

1. d4 Nf6 2. c4 e6 3. Nc3 Bb4 4. Qc2 b6 5. a3 Bxc3+ 6. Qxc3 0-0 7. Bg5 Ba6 8. Qf3 Nc6 9. e3 Na5 10. Rc1 c5 11. d5 exd5 12. cxd5 Bxf1 13. Kxf1 Ne4 14. Bxd8 Nd2+ 15. Ke2 Nxf3 16. Nxf3 Raxd8 17. b4 Nb7 0-1

[Event "IECG QM.2006.0.00094 email"]
[Site "IECG email"]
[Date "2006.07.20"]
[Round "?"]
[White "Duriez, Jean Luc"]
[Black "Bernal Varela, Nelson"]
[Result "1-0"]
[WhiteElo "2285"]
[BlackElo "2213"]
[PlyCount "43"]
[EventDate "2006.07.20"]
[EventType "tourn (corr)"]
[EventRounds "6"]
[SourceTitle "Corr 2011"]
[Source "ChessBase"]
[SourceDate "2010.08.31"]
[SourceVersion "1"]
[SourceVersionDate "2010.08.31"]
[SourceQuality "1"]

1. d4 Nf6 2. Nf3 e6 3. e3 b6 4. Bd3 Bb7 5. 0-0 d5 6. Ne5 Bd6 7. f4 c5 8. Qf3 0-0 9. Nd2 Qc7 10. c3 Rc8 11. g4 Nfd7 12. g5 Nf8 13. Qe2 a5 14. h4 Ba6 15. Bxa6 Nxa6 16. h5 a4 17. Ndf3 cxd4 18. exd4 a3 19. Nh2 f6 20. gxf6 gxf6 21. Nhg4 Qg7 22. Rf2 1-0

[Event "CFriend WC-2004-F-00006"]
[Site "Chessfriend.com"]
[Date "2005.05.16"]
[Round "1"]
[White "Duriez, Jean Luc"]
[Black "Bergmann, Michael"]
[Result "0-1"]
[WhiteElo "2271"]
[BlackElo "2447"]
[PlyCount "38"]
[EventDate "2005.??.??"]
[EventType "tourn (corr)"]
[EventRounds "6"]
[SourceTitle "Corr 2008"]
[Source "ChessBase"]
[SourceDate "2008.06.24"]
[SourceVersion "1"]
[SourceVersionDate "2008.06.24"]
[SourceQuality "1"]

1. d4 Nf6 2. c4 e6 3. Nc3 Bb4 4. Nf3 b6 5. Bg5 Bb7 6. Nd2 h6 7. Bh4 c5 8. d5 Bxc3 9. bxc3 Qe7 10. Qc2 exd5 11. cxd5 Bxd5 12. 0-0-0 0-0 13. e4 Bc6 14. f4 Qe6 15. Re1 Nh5 16. f5 Qe5 17. g4 Nf6 18. Bg3 Qe7 19. Qd3 Ne8 0-1

[Event "CFriend WC-2004-F-00006"]
[Site "Chessfriend.com"]
[Date "2005.05.16"]
[Round "1"]
[White "Duriez, Jean Luc"]
[Black "Perez, Brigiliano"]
[Result "1/2-1/2"]
[WhiteElo "2271"]
[BlackElo "2374"]
[PlyCount "55"]
[EventDate "2005.??.??"]
[EventType "tourn (corr)"]
[EventRounds "6"]
[SourceTitle "Corr 2008"]
[Source "ChessBase"]
[SourceDate "2008.06.24"]
[SourceVersion "1"]
[SourceVersionDate "2008.06.24"]
[SourceQuality "1"]

1. d4 Nf6 2. c4 e6 3. Nc3 Bb4 4. Nf3 b6 5. Bg5 Bb7 6. Nd2 h6 7. Bh4 0-0 8. e4 Be7 9. Bg3 d5 10. cxd5 exd5 11. e5 Nfd7 12. Bd3 c5 13. 0-0 cxd4 14. Nb5 Nc5 15. Nf3 Nxd3 16. Qxd3 Nc6 17. Nfxd4 Nxd4 18. Nxd4 Bc5 19. Rfe1 Bxd4 20. Qxd4 Qd7 21. b3 Rac8 22. Bf4 Qf5 23. Rac1 Rxc1 24. Rxc1 Rc8 25. h3 Rxc1+ 26. Bxc1 Qb1 27. Qd2 d4 28. f3 1/2-1/2

[Event "IECG WC.2004.F.00006"]
[Site "IECG email"]
[Date "2005.05.16"]
[Round "?"]
[White "Massimini Gerbino, Massimiliano"]
[Black "Duriez, Jean Luc"]
[Result "1/2-1/2"]
[WhiteElo "2369"]
[BlackElo "2271"]
[PlyCount "71"]
[EventDate "2005.05.16"]
[EventType "tourn (corr)"]
[EventRounds "6"]
[SourceTitle "Corr 2008"]
[Source "ChessBase"]
[SourceDate "2008.06.24"]
[SourceVersion "1"]
[SourceVersionDate "2008.06.24"]
[SourceQuality "1"]

1. d4 Nf6 2. Nf3 d5 3. c4 e6 4. Nc3 Be7 5. Bf4 0-0 6. e3 c5 7. dxc5 Bxc5 8. Qc2 Nc6 9. Rd1 Qa5 10. a3 Be7 11. Nd2 e5 12. Bg5 d4 13. Nb3 Qd8 14. Be2 a5 15. Bxf6 Bxf6 16. 0-0 a4 17. Nc5 Be7 18. N3xa4 f5 19. b4 e4 20. exd4 Nxd4 21. Qa2 Nxe2+ 22. Qxe2 Qc7 23. Nc3 Bxc5 24. Nb5 Qc6 25. bxc5 Qxc5 26. Rd5 Qe7 27. c5 Ra5 28. Rc1 Be6 29. Rd6 Rc8 30. Rcd1 Bb3 31. Rd7 Qf6 32. Nd6 Raxc5 33. Nxc8 Bxd1 34. Qxd1 Rxc8 35. h3 Qe5 36. Rxb7 1/2-1/2

[Event "CFriend WC-2004-F-00006"]
[Site "Chessfriend.com"]
[Date "2005.05.16"]
[Round "1"]
[White "Sidenko, Anatoly Viktorovich"]
[Black "Duriez, Jean Luc"]
[Result "1/2-1/2"]
[WhiteElo "2256"]
[BlackElo "2271"]
[PlyCount "86"]
[EventDate "2005.??.??"]
[EventType "tourn (corr)"]
[EventRounds "6"]
[SourceTitle "Corr 2008"]
[Source "ChessBase"]
[SourceDate "2008.06.24"]
[SourceVersion "1"]
[SourceVersionDate "2008.06.24"]
[SourceQuality "1"]

1. d4 Nf6 2. c4 e6 3. Nc3 Bb4 4. Qc2 0-0 5. a3 Bxc3+ 6. Qxc3 b6 7. Bg5 Ba6 8. Qf3 Nc6 9. e3 h6 10. Bxf6 Qxf6 11. Qxf6 gxf6 12. Be2 Ne7 13. b3 d6 14. Bf3 Rac8 15. Ne2 c5 16. dxc5 dxc5 17. 0-0-0 Rc7 18. Rd2 Bb7 19. Bxb7 Rxb7 20. Kc2 f5 21. Kc3 Nc6 22. h3 Kg7 23. Rhd1 Rc8 24. Nf4 Kf6 25. f3 Ne5 26. Nh5+ Ke7 27. f4 Ng6 28. g4 Nh4 29. Rd3 Rbc7 30. Rg1 Rd7 31. Rxd7+ Kxd7 32. gxf5 Nxf5 33. Nf6+ Kd6 34. e4 Nd4 35. e5+ Kc6 36. Rg7 Ne2+ 37. Kd3 Nxf4+ 38. Ke3 Ng6 39. Rxf7 Rc7 40. Rxc7+ Kxc7 41. Ke4 Nh4 42. Ng4 Nf5 43. h4 h5 1/2-1/2

[Event "IECG WC.2005.S.00005 email"]
[Site "IECG email"]
[Date "2003.05.19"]
[Round "?"]
[White "Duriez, Jean Luc"]
[Black "Miletic, Arsen"]
[Result "0-1"]
[WhiteElo "2296"]
[BlackElo "2206"]
[PlyCount "50"]
[EventDate "2003.05.19"]
[EventType "tourn (corr)"]
[EventRounds "10"]
[SourceTitle "Corr 2024"]
[Source "ChessBase"]
[SourceDate "2023.10.19"]
[SourceVersion "1"]
[SourceVersionDate "2023.10.19"]
[SourceQuality "1"]

1. d4 Nf6 2. c4 e6 3. Nc3 Bb4 4. e3 c5 5. Bd3 Nc6 6. Nf3 Bxc3+ 7. bxc3 d6 8. Nd2 e5 9. 0-0 0-0 10. Rb1 b6 11. h3 Bb7 12. d5 Ne7 13. f4 exf4 14. exf4 Ng6 15. Qf3 Qd7 16. g4 h6 17. Bc2 Rae8 18. a4 Qe7 19. a5 bxa5 20. Ba4 Rb8 21. Bb5 Bc8 22. Ra1 h5 23. gxh5 Nh4 24. Qf2 Nf5 25. Rxa5 Nxh5 0-1

[Event "IECG WC.2005.S.00005 email"]
[Site "IECG email"]
[Date "2003.05.19"]
[Round "?"]
[White "Haug, Ulrich"]
[Black "Duriez, Jean Luc"]
[Result "1-0"]
[WhiteElo "2072"]
[BlackElo "2296"]
[PlyCount "53"]
[EventDate "2003.05.19"]
[EventType "tourn (corr)"]
[EventRounds "10"]
[SourceTitle "Corr 2008"]
[Source "ChessBase"]
[SourceDate "2008.06.24"]
[SourceVersion "1"]
[SourceVersionDate "2008.06.24"]
[SourceQuality "1"]

1. e4 d6 2. d4 Nf6 3. Nc3 g6 4. Nf3 Bg7 5. Be2 0-0 6. 0-0 Bg4 7. Be3 Nc6 8. d5 Nb8 9. Nd2 Bxe2 10. Qxe2 Re8 11. Rad1 e6 12. dxe6 Rxe6 13. f4 Nbd7 14. Qf3 a6 15. Nb3 c6 16. e5 dxe5 17. Nc5 Re7 18. f5 Qc7 19. N5e4 h6 20. fxg6 fxg6 21. Qg3 g5 22. h4 g4 23. Nxf6+ Nxf6 24. Bxh6 Rf8 25. Qe3 Bxh6 26. Qxh6 Rh7 27. Qe3 1-0

[Event "IECG WC.2005.S.00005 email"]
[Site "IECG email"]
[Date "2003.05.19"]
[Round "?"]
[White "Schneider, Peter"]
[Black "Duriez, Jean Luc"]
[Result "1-0"]
[WhiteElo "2307"]
[BlackElo "2296"]
[PlyCount "51"]
[EventDate "2003.05.19"]
[EventType "tourn (corr)"]
[EventRounds "10"]
[SourceTitle "Corr 2008"]
[Source "ChessBase"]
[SourceDate "2008.06.24"]
[SourceVersion "1"]
[SourceVersionDate "2008.06.24"]
[SourceQuality "1"]

1. e4 d6 2. d4 Nf6 3. Nc3 g6 4. Nf3 Bg7 5. Be2 0-0 6. 0-0 Bg4 7. h3 Bxf3 8. Bxf3 Nc6 9. Be3 e5 10. d5 Ne7 11. Qe2 Nd7 12. Qb5 Qc8 13. Rfe1 a6 14. Qb3 b6 15. a4 a5 16. Qc4 f5 17. Bg5 Bf6 18. Bd2 Nc5 19. exf5 gxf5 20. Bh6 Bg7 21. Be3 e4 22. Bh5 Qa6 23. Nb5 Bxb2 24. Rad1 Be5 25. Bh6 Rfd8 26. f3 1-0

[Event "IECG WC.2003.T.00002 email"]
[Site "IECG email"]
[Date "2002.08.04"]
[Round "?"]
[White "Duriez, Jean Luc"]
[Black "Kerr, Stephen GR"]
[Result "1-0"]
[WhiteElo "2289"]
[BlackElo "2560"]
[PlyCount "79"]
[EventDate "2002.08.04"]
[EventType "tourn (corr)"]
[EventRounds "10"]
[SourceTitle "Corr 2008"]
[Source "ChessBase"]
[SourceDate "2008.06.24"]
[SourceVersion "1"]
[SourceVersionDate "2008.06.24"]
[SourceQuality "1"]

1. d4 d5 2. c4 c6 3. Nc3 dxc4 4. e4 b5 5. a4 a6 6. axb5 cxb5 7. Nxb5 axb5 8. Rxa8 Bb7 9. Ra2 e6 10. f3 Nc6 11. Ne2 e5 12. d5 Nb4 13. Ra3 Nf6 14. Be3 Nbxd5 15. Ra7 Nxe4 16. Rxb7 Bb4+ 17. Nc3 0-0 18. fxe4 Qh4+ 19. Kd2 Nxe3 20. Qf3 Bc5 21. Rxb5 Rd8+ 22. Nd5 Nxd5 23. exd5 Qg5+ 24. Ke2 Bd4 25. g4 Qh6 26. Rb7 Rf8 27. Kd1 Qa6 28. Rb4 Qa1+ 29. Kc2 c3 30. Bc4 cxb2 31. d6 h6 32. Rf1 Kh8 33. d7 Qa5 34. Qxf7 Rxf7 35. Rb8+ Kh7 36. Bd3+ e4 37. Bxe4+ g6 38. Rxf7+ Bg7 39. Rxg7+ Kxg7 40. d8Q 1-0

[Event "IECG WC.2003.T.00002 email"]
[Site "IECG email"]
[Date "2002.08.04"]
[Round "?"]
[White "Duriez, Jean Luc"]
[Black "Petrovic, Djordje R"]
[Result "1/2-1/2"]
[WhiteElo "2289"]
[BlackElo "2332"]
[PlyCount "39"]
[EventDate "2002.08.04"]
[EventType "tourn (corr)"]
[EventRounds "10"]
[SourceTitle "Corr 2008"]
[Source "ChessBase"]
[SourceDate "2008.06.24"]
[SourceVersion "1"]
[SourceVersionDate "2008.06.24"]
[SourceQuality "1"]

1. d4 Nf6 2. c4 g6 3. Nc3 Bg7 4. e4 d6 5. f4 0-0 6. Nf3 Na6 7. Bd3 Bg4 8. Be3 c5 9. d5 e6 10. 0-0 exd5 11. exd5 Re8 12. Bd2 Qd7 13. a3 Nc7 14. h3 Bf5 15. Qc2 b5 16. Bxf5 gxf5 17. b3 a5 18. a4 b4 19. Nb5 Ne4 20. Nxc7 1/2-1/2

[Event "IECG WC.2003.T.00002 email"]
[Site "IECG email"]
[Date "2002.08.04"]
[Round "?"]
[White "Silva, Miguel Medina"]
[Black "Duriez, Jean Luc"]
[Result "1/2-1/2"]
[WhiteElo "2053"]
[BlackElo "2289"]
[PlyCount "80"]
[EventDate "2002.08.04"]
[EventType "tourn (corr)"]
[EventRounds "10"]
[SourceTitle "Corr 2008"]
[Source "ChessBase"]
[SourceDate "2008.06.24"]
[SourceVersion "1"]
[SourceVersionDate "2008.06.24"]
[SourceQuality "1"]

1. e4 c5 2. Nf3 Nc6 3. d4 cxd4 4. Nxd4 Nf6 5. Nc3 e6 6. Ndb5 Bb4 7. a3 Bxc3+ 8. Nxc3 d5 9. exd5 exd5 10. Bd3 0-0 11. 0-0 h6 12. Bf4 d4 13. Nb5 Nd5 14. Bg3 Be6 15. Re1 Qd7 16. Nd6 Rad8 17. Qh5 Qe7 18. Nf5 Qg5 19. Qf3 Qf6 20. Bh4 g5 21. Bg3 Rfe8 22. h4 Bxf5 23. Qxf5 Qxf5 24. Bxf5 Kg7 25. Rad1 Kf6 26. Bd3 Re6 27. Bc4 a6 28. Kf1 Rxe1+ 29. Kxe1 Nf4 30. hxg5+ hxg5 31. Bf1 Kf5 32. Kd2 Ne5 33. Kc1 f6 34. f3 g4 35. fxg4+ Nxg4 36. Rd2 Kg5 37. Bf2 Nxf2 38. Rxf2 Nd5 39. Bd3 Ne3 40. g3 Rh8 1/2-1/2

[Event "IECG WC.2003.S.00013 email"]
[Site "IECG email"]
[Date "2001.04.01"]
[Round "?"]
[White "Fernandez Fornes, Juan Alberto"]
[Black "Duriez, Jean Luc"]
[Result "0-1"]
[WhiteElo "2320"]
[BlackElo "2266"]
[PlyCount "49"]
[EventDate "2001.04.01"]
[EventType "tourn (corr)"]
[EventRounds "8"]
[SourceTitle "Corr 2008"]
[Source "ChessBase"]
[SourceDate "2008.06.24"]
[SourceVersion "1"]
[SourceVersionDate "2008.06.24"]
[SourceQuality "1"]

1. d4 Nf6 2. c4 e6 3. Nc3 Bb4 4. Qc2 0-0 5. a3 Bxc3+ 6. Qxc3 b6 7. Bg5 Ba6 8. e3 d6 9. Bd3 Nbd7 10. Nf3 c5 11. 0-0 Rc8 12. b3 cxd4 13. exd4 b5 14. Nd2 bxc4 15. bxc4 h6 16. Bh4 Bxc4 17. Nxc4 d5 18. Qb3 dxc4 19. Bxc4 Nb6 20. Ba6 Rc6 21. Qd3 Rd6 22. Qf3 Nbd7 23. Bb5 Rxd4 24. Bg3 Ne4 25. Rfd1 0-1

[Event "IECG TE.2000.P.00305 email"]
[Site "IECG email"]
[Date "2000.04.14"]
[Round "?"]
[White "Duriez, Jean Luc"]
[Black "Gomez, Carlos"]
[Result "1-0"]
[WhiteElo "2267"]
[BlackElo "1964"]
[PlyCount "37"]
[EventDate "2000.04.14"]
[EventType "tourn (corr)"]
[EventRounds "12"]
[SourceTitle "Corr 2008"]
[Source "ChessBase"]
[SourceDate "2008.06.24"]
[SourceVersion "1"]
[SourceVersionDate "2008.06.24"]
[SourceQuality "1"]

1. e4 e5 2. Nf3 Nc6 3. Bb5 f5 4. Nc3 fxe4 5. Nxe4 Nf6 6. Nxf6+ Qxf6 7. Qe2 Be7 8. Bxc6 dxc6 9. Nxe5 Bf5 10. d3 0-0 11. 0-0 Bd6 12. f4 Rae8 13. d4 c5 14. c3 cxd4 15. cxd4 c6 16. Bd2 Be6 17. b3 Bd5 18. Rae1 Re7 19. Qg4 1-0

[Event "IECG TE.2000.P.00305 email"]
[Site "IECG email"]
[Date "2000.04.14"]
[Round "?"]
[White "Sadler, Craig"]
[Black "Duriez, Jean Luc"]
[Result "0-1"]
[WhiteElo "539"]
[BlackElo "2267"]
[PlyCount "32"]
[EventDate "2000.04.14"]
[EventType "tourn (corr)"]
[EventRounds "12"]
[SourceTitle "Corr 2008"]
[Source "ChessBase"]
[SourceDate "2008.06.24"]
[SourceVersion "1"]
[SourceVersionDate "2008.06.24"]
[SourceQuality "1"]

1. e4 e5 2. Nf3 Nc6 3. Bb5 f5 4. Nc3 fxe4 5. Nxe4 Nf6 6. Qe2 d5 7. Nxf6+ gxf6 8. d4 Bg7 9. dxe5 0-0 10. Bxc6 bxc6 11. e6 Re8 12. 0-0 a5 13. Nd4 c5 14. Nc6 Qd6 15. Qb5 Ba6 16. Qb3 Bxf1 0-1

[Event "IECC Swiss email"]
[Site "IECC email"]
[Date "1999.08.28"]
[Round "?"]
[White "Duriez, Jean Luc"]
[Black "Jimenez Alonso, Julio"]
[Result "1-0"]
[WhiteElo "2246"]
[BlackElo "2116"]
[PlyCount "61"]
[EventDate "1999.??.??"]
[EventType "tourn (corr)"]
[EventRounds "6"]
[SourceTitle "Corr 2008"]
[Source "ChessBase"]
[SourceDate "2008.06.24"]
[SourceVersion "1"]
[SourceVersionDate "2008.06.24"]
[SourceQuality "1"]

1. d4 d5 2. c4 e6 3. Nc3 c6 4. e3 Nf6 5. Nf3 Nbd7 6. Bd3 dxc4 7. Bxc4 b5 8. Bd3 a6 9. e4 c5 10. e5 cxd4 11. Nxb5 Nxe5 12. Nxe5 axb5 13. Bxb5+ Nd7 14. 0-0 Rb8 15. Nc6 Qb6 16. Nxb8 Qxb5 17. Nxd7 Qxd7 18. Bf4 f6 19. Qh5+ g6 20. Qa5 Be7 21. Rfc1 e5 22. Rc7 Bd8 23. Rxd7 Bxa5 24. Ra7 Bb6 25. Rc1 0-0 26. Bh6 Bxa7 27. Bxf8 Bf5 28. Bc5 Bb8 29. a4 d3 30. a5 e4 31. a6 1-0